MARC

Tag First Indicator Second Indicator Subfields
LEADER 00000cam a22000005u 4500
001 in00002787558
005 20190331170719.0
006 m o d
007 cr nn 008mam|a
008 071014t2007 gw fo || 0 0 |||||
020 |a 9780784409091 
035 |a (American Society of Civil Eng)10.1061/9780784409091 
040 |d UtOrBLW 
245 0 0 |a Geosynthetics in Reinforcement and Hydraulic Applications /  |c Edited by Mohammed A. Gabr, John J. Bowders. 
264 1 |a Reston, VA :  |b American Society of Civil Engineers,  |c 2007. 
300 |a 1 online resource. 
336 |a text  |b txt  |2 rdacontent 
337 |a computer  |b c  |2 rdamedia 
338 |a online resource  |b cr  |2 rdacarrier 
490 1 |a Geotechnical Special Publications 
500 |a Electronic resource. 
653 |a Proceedings  |a Geo-Institute (G-I)  |a Geotechnics  |a Geomaterials and geosynthetics  |a Hydraulic structures 
655 7 |a Electronic books.  |2 local 
700 1 |a Gabr, Mohammed A. 
700 1 |a Bowders, John J.  |q (John Joseph),  |d 1957- 
730 0 |a ASCE Library. 
830 0 |a Geotechnical Special Publications. 
856 4 0 |u http://proxy.library.tamu.edu/login?url=http://ascelibrary.org/action/showBook?doi=10.1061%2F9780784409091  |z Connect to the full text of this electronic book  |t 0 
999 |a MARS 
999 f f |s a6495a92-e346-33b3-b345-ca37d95ec417  |i 4afdabd0-5d79-3eb4-a408-385e9cd002b3  |t 0 
952 f f |a Texas A&M University  |b College Station  |c Electronic Resources  |d Available Online  |t 0  |h No information provided 
998 f f |t 0  |l Available Online